Pays ayant participé à l'Euro 2024 - Mort Subite - Statistiques

Statistiques générales
  • Ce quiz a été pris 496 fois
  • Le résultat moyen est 14 sur 24
Answers on the Grid
Answers color-coded by a green-red scale on the quiz's grid according to % correct below.
Albanie
Allemagne
Angleterre
Argentine
Arménie
Autriche
Belgique
Bulgarie
Croatie
Danemark
Écosse
Espagne
Finlande
France
Géorgie
Hongrie
Irlande
Irlande du Nord
Islande
Italie
Lituanie
Macédoine du Nord
Norvège
Pays-Bas
Pologne
Portugal
République Tchèque
Roumanie
Russie
Serbie
Slovaquie
Slovénie
Suède
Suisse
Turquie
Ukraine
 
Statistiques - réponses
Réponse % Correct
Angleterre
93%
Allemagne
90%
Belgique
85%
Croatie
79%
Espagne
79%
France
79%
Danemark
69%
Autriche
67%
Italie
61%
Pays-Bas
60%
Portugal
60%
Suisse
54%
Pologne
50%
Écosse
49%
Géorgie
48%
Turquie
44%
Hongrie
42%
Albanie
41%
République Tchèque
39%
Ukraine
39%
Serbie
37%
Roumanie
36%
Slovénie
34%
Slovaquie
32%
Aucun quiz correspondant
Distribution des résultats
% des personnes avec chaque résultat
Percentile par nombre de réponses
Votre historique - résultats
Vous n’avez pas pris ce quiz